000 00247 a2200097 4500
001 35375
100 _aMuhammad Ria
245 _aModern Technician of Documentation & Information Work
260 _aLahore
_bQadiria Books
_c
090 _c23403
_d23403
942 _aNUST-CAE
_cM
_c14896
999 _c270448
_d270448